الكيمياء الهندسية للصفوف الأولى في قسم الهندسة المدنية / (رقم التسجيلة. 9089)
[ عرض عادي ]
| 000 -LEADER | |
|---|---|
| fixed length control field | 00633nam a22001697a 4500 |
| 005 - DATE AND TIME OF LATEST TRANSACTION | |
| control field | 20251108164319.0 |
| 008 - FIXED-LENGTH DATA ELEMENTS--GENERAL INFORMATION | |
| fixed length control field | 250721s9999 xx 000 0 ara d |
| 082 14 - DEWEY DECIMAL CLASSIFICATION NUMBER | |
| Classification number | 660.2/شري |
| 100 1# - MAIN ENTRY--PERSONAL NAME | |
| Personal name | الشريفي، طالب حسين |
| 245 10 - TITLE STATEMENT | |
| Title | الكيمياء الهندسية للصفوف الأولى في قسم الهندسة المدنية / |
| 264 1# - PRODUCTION, PUBLICATION, DISTRIBUTION, MANUFACTURE, AND COPYRIGHT NOTICE | |
| Place of production, publication, distribution, manufacture | بغداد : |
| Name of producer, publisher, distributor, manufacturer | وزارة التعليم العالي و البحث العلمي - جامعة بغداد، |
| Date of production, publication, distribution, manufacture, or copyright notice | [19-]. |
| 300 ## - PHYSICAL DESCRIPTION | |
| Extent | 352ص |
| 650 17 - SUBJECT ADDED ENTRY--TOPICAL TERM | |
| Topical term or geographic name as entry element | الهندسة الكيميائية |
| 700 1# - ADDED ENTRY--PERSONAL NAME | |
| Personal name | عبد المجيد، يحيى |
| 942 ## - ADDED ENTRY ELEMENTS (KOHA) | |
| Source of classification or shelving scheme | Dewey Decimal Classification |
| Koha item type | كتب |
| حالة السحب | حالة الفقدان | مصدر التصنيف | حالة التلف | غير قابل للإعارة | المكتبة الرئيسية | المكتبة الحالية | موقع الرف | تاريخ التزويد | الرقم المتسلسل | Total Checkouts | رقم الإستدعاء | الباركود | تاريخ آخر ظهور | تاريخ الفاتورة | نوع المادة (كوها) |
|---|---|---|---|---|---|---|---|---|---|---|---|---|---|---|---|
| Dewey Decimal Classification | مكتبة الأميرة ايمان العامة | مكتبة الأميرة ايمان العامة | الإعارة | 10/11/2013 | [1627] | 660.2/شري | PLD00285375 | 28/07/2025 | 10/11/2013 | كتب |